The Journal of corporation law (Registro nro. 159968)
[ vista simple ]
| 000 -LEADER | |
|---|---|
| fixed length control field | 01085ny a22003013n 4500 |
| 006 - FIXED-LENGTH DATA ELEMENTS--ADDITIONAL MATERIAL CHARACTERISTICS--GENERAL INFORMATION | |
| fixed length control field | m d |||||| |
| 007 - PHYSICAL DESCRIPTION FIXED FIELD--GENERAL INFORMATION | |
| fixed length control field | cr anunnnuuuaa |
| 008 - FIXED-LENGTH DATA ELEMENTS--GENERAL INFORMATION | |
| fixed length control field | 751022c19759999iau p gv 0 eng d |
| 022 0# - | |
| -- | 0360-795X |
| 035 ## - | |
| -- | 4027 |
| 040 ## - CATALOGING SOURCE | |
| Modifying agency | vLex |
| 050 00 - | |
| -- | K10 |
| -- | .O859 |
| 050 00 - | |
| -- | K10 |
| -- | .O859 |
| 090 ## - | |
| -- | 1502 |
| -- | 1502 |
| 245 04 - TITLE STATEMENT | |
| Title | The Journal of corporation law |
| Medium | [Recurso electrónico] |
| 256 ## - | |
| -- | Servicio en línea |
| 260 ## - PUBLICATION, DISTRIBUTION, ETC. (IMPRINT) | |
| Place of publication, distribution, etc | [Iowa City : |
| Name of publisher, distributor, etc | University of Iowa, College of Law] |
| 310 ## - | |
| -- | Quarterly |
| -- | , v. 7- |
| 506 1# - RESTRICTIONS ON ACCESS NOTE | |
| Terms governing access | Contenido solo disponible en los productos indicados |
| Authorized users | vLex Global |
| -- | vLex Global (Academic Edition, excluding Law Schools) |
| -- | vLex Global (U.S. Academic Edition, excluding Law Schools) |
| 650 04 - SUBJECT ADDED ENTRY--TOPICAL TERM | |
| Topical term or geographic name as entry element | Sociedades |
| General subdivision | Derecho |
| Geographic subdivision | Estados Unidos |
| General subdivision | Publicaciones periódicas |
| 710 2# - ADDED ENTRY--CORPORATE NAME | |
| Corporate name or jurisdiction name as entry element | University of Iowa. |
| Subordinate unit | College of Law |
| 740 0# - | |
| -- | vLex Revista (Servicios en línea) |
| 843 ## - | |
| -- | Electrónica. Abierta |
| 853 ## - | |
| -- | 1 |
| -- | (year) |
| -- | (month) |
| -- | (day) |
| 856 40 - LOCALIZACIÓN Y ACCESO ELECTRÓNICO | |
| Identificador Uniforme del Recurso (URI/URL) | https://app.vlex.com/#/sources/4027 |
| 942 ## - | |
| -- | RAA |
| 999 ## - | |
| -- | 159968 |
| -- | 159968 |
No hay ítems disponibles.